| 000 | 00757nam a2200205Ia 4500 | ||
|---|---|---|---|
| 003 | GCL | ||
| 008 | 140319s9999 xx 000 0 ara d | ||
| 040 |
_aGCL / _cGCL |
||
| 082 | 0 | 4 |
_a243 _bا ك |
| 100 | 1 | _aابوعبدالرحمن السلفى | |
| 245 | 1 | 0 |
_aالكبائر: للحافظ شمس الدين محمد بن احمد بن عثمان الذهبى'' 748-673'' / _cابوعبدالرحمن السلفى |
| 700 | 1 | _aمركز السنة | |
| 700 | 1 | _aمركز السنة للبحث العلمى | |
| 260 |
_aالقاهرة : _bمكتبة السنة للنشر والتوزيع ، _c1992 |
||
| 300 | _a341 ص | ||
| 490 | _a | ||
| 650 | 0 | 4 | _aالاسلام |
| 650 | 0 | 4 | _aالكبائر ( الشريعة الاسلامية ) |
| 942 |
_2ddc _cBK |
||
| 999 |
_c54423 _d54423 |
||